000 00359nam a2200145Ia 4500
008 191201s2005 xx 000 0 und d
082 _a621.3827
_bSEO
100 _aSELVARAJAN, A
245 0 _aOptical Fibre Communication Principles and Systems
250 _a4th
260 _aN.Delhi
_bTMH
_c2005
300 _a355
650 _aB.Tech(ME)
942 _2ddc
_cBK
999 _c1562
_d1562